BOFORS: THE SELLING OF A NATION (Record no. 31920)

MARC details
000 -LEADER
fixed length control field 00271nam a22001217a 4500
003 - CONTROL NUMBER IDENTIFIER
control field SGT
082 ## - DEWEY DECIMAL CLASSIFICATION NUMBER
Classification number 320
Item number B90B
100 ## - MAIN ENTRY--PERSONAL NAME
Personal name BHUSHAN, PRASHANT
245 ## - TITLE STATEMENT
Title BOFORS: THE SELLING OF A NATION
260 ## - PUBLICATION, DISTRIBUTION, ETC. (IMPRINT)
Name of publisher, distributor, etc VISION BOOKS PVT. LTD
Year of Publication 1990
300 ## - PAGE DESCRIPTION
No. of Pages 275
942 ## - ADDED ENTRY ELEMENTS (KOHA)
Source of classification or shelving scheme Dewey Decimal Classification
Koha item type Books
Holdings
Withdrawn status Lost status Source of classification or shelving scheme Damaged status Not for loan Home library Current library Shelving location Date acquired SGTU Total Checkouts Full call number Accession No. (Barcode) Date last seen Bill Date Koha item type
    Dewey Decimal Classification   Not For Loan SGT Chancellor's Library SGT Chancellor's Library Reference Book 04/07/2025 SGTU   320 B90B CH3889 04/07/2025 04/07/2025 Books